000 00333pam a2200157a 44500
008 230515b1990 xxu||||| |||| 00| 0 eng d
020 _aNULL
041 _aENGLISH
082 _aLYN
100 _aLYNGBY
245 _aINSTITUTE OF HYDODYNAMICS
250 _aNULL
260 _aNULL
_bN/A
_c1990
300 _a72
650 _aNULL
999 _c661936
_d661936